[Event "Lorraine-ch"]
[Site "Hayange"]
[Date "2013.05.19"]
[Round "5"]
[White "Traskos, Dominique"]
[Black "Marchal, Roger"]
[Result "1-0"]
[WhiteElo "1737"]
[BlackElo "1609"]
[PlyCount "59"]
[EventDate "2013.05.17"]
[EventType "swiss"]
[EventRounds "7"]
[EventCountry "FRA"]
[SourceTitle "EXT 2014"]
[Source "ChessBase"]
[SourceDate "2013.11.20"]
[SourceVersion "1"]
[SourceVersionDate "2013.11.20"]
[SourceQuality "1"]

1. c4 c5 2. g3 g6 3. Bg2 Bg7 4. Nc3 Nf6 5. Nf3 0-0 6. 0-0 d6 7. d4 Nbd7 8. e4 cxd4 9. Nxd4 Ne5 10. b3 a6 11. h3 Nfd7 12. f4 Nc6 13. Be3 Nxd4 14. Bxd4 Bxd4+ 15. Qxd4 Qb6 16. Rad1 Qxd4+ 17. Rxd4 e5 18. Rxd6 exf4 19. gxf4 Nc5 20. b4 Ne6 21. e5 Rb8 22. Nd5 Ng7 23. Ne7+ Kh8 24. Nxc8 Rfxc8 25. c5 Nf5 26. Rd7 Ne3 27. Bxb7 Rd8 28. c6 Rxd7 29. cxd7 Nxf1 30. Bc8 1-0

[Event "Metz op-B 29th"]
[Site "Metz"]
[Date "2011.05.02"]
[Round "1"]
[White "Marchal, Roger"]
[Black "Van Rienen, Willy"]
[Result "0-1"]
[WhiteElo "1677"]
[BlackElo "1967"]
[PlyCount "137"]
[EventDate "2011.05.02"]
[EventType "swiss"]
[EventRounds "9"]
[EventCountry "FRA"]
[SourceTitle "EXT 2013"]
[Source "ChessBase"]
[SourceDate "2012.11.22"]
[SourceVersion "1"]
[SourceVersionDate "2012.11.22"]
[SourceQuality "1"]

1. c4 Nf6 2. g3 g6 3. Bg2 Bg7 4. Nc3 0-0 5. Nf3 c6 6. 0-0 d5 7. cxd5 cxd5 8. d4 Nc6 9. a3 Bg4 10. Bg5 Rc8 11. Rc1 h6 12. Bd2 Bxf3 13. Bxf3 Nxd4 14. Bg2 Nc6 15. Na2 e5 16. Bb4 Nxb4 17. Nxb4 Rxc1 18. Qxc1 a5 19. Nd3 e4 20. Nc5 b6 21. Na4 Qd6 22. e3 Nd7 23. Rd1 f5 24. Nc3 Rc8 25. Qd2 Bxc3 26. bxc3 Nf6 27. Qb2 Kf7 28. Bf1 Qc5 29. a4 g5 30. Rd4 Rc6 31. c4 dxc4 32. Bxc4+ Kg6 33. Qb5 Qxb5 34. Bxb5 Rc1+ 35. Kg2 Ng4 36. h3 Ne5 37. Rd6+ Kg7 38. Rxb6 Nf3 39. Bf1 Ra1 40. Rb7+ Kg6 41. Rb6+ Kh5 42. Rb5 Rxa4 43. Be2 Ra1 44. Bxf3+ exf3+ 45. Kxf3 Kg6 46. Rb6+ Kg7 47. Rb7+ Kf6 48. Rb6+ Ke5 49. Rb5+ Ke6 50. Rb6+ Kd5 51. Rb5+ Kc4 52. Rxf5 a4 53. h4 gxh4 54. gxh4 a3 55. Ra5 a2 56. Ke2 Kb3 57. Rb5+ Ka4 58. Rb8 Re1+ 59. Kf3 a1Q 60. Ra8+ Kb5 61. Rxa1 Rxa1 62. e4 Kc6 63. Kf4 Kd6 64. f3 Ra5 65. Kg4 h5+ 66. Kf4 Ke6 67. Ke3 Ra3+ 68. Kf4 Rb3 69. e5 0-1

[Event "Wasselonne op"]
[Site "Wasselonne"]
[Date "2009.08.09"]
[Round "6"]
[White "Marchal, Roger"]
[Black "Duringer, Jacques"]
[Result "1/2-1/2"]
[WhiteElo "1615"]
[BlackElo "1569"]
[PlyCount "135"]
[EventDate "2009.08.06"]
[EventType "swiss"]
[EventRounds "7"]
[EventCountry "FRA"]
[SourceTitle "EXT 2011"]
[Source "ChessBase"]
[SourceDate "2010.11.26"]
[SourceVersion "1"]
[SourceVersionDate "2010.11.26"]
[SourceQuality "1"]

1. c4 Nf6 2. g3 c6 3. Bg2 e5 4. Nf3 d6 5. Nc3 Be7 6. 0-0 0-0 7. b4 Nbd7 8. a4 Ne8 9. d4 f5 10. dxe5 dxe5 11. Qb3 Kh8 12. e3 Bf6 13. Ba3 Rf7 14. Rad1 Nc7 15. b5 Qe8 16. Bd6 Ne6 17. Qc2 g6 18. a5 Nec5 19. Rd2 e4 20. Ne1 Be5 21. Qb2 Rf6 22. Bxe5 Nxe5 23. Ne2 Kg7 24. Qb4 Qf8 25. Nf4 Ne6 26. Nxe6+ Bxe6 27. Qxf8+ Rfxf8 28. Nc2 Bxc4 29. Rfd1 Bxb5 30. Nd4 Bc4 31. f4 Nd3 32. Rc2 Bd5 33. Bf1 Kf6 34. Rc3 Rf7 35. Nc2 Rd7 36. Be2 Rad8 37. Kg2 Nxf4+ 38. gxf4 b6 39. axb6 axb6 40. Nb4 c5 41. Na6 Ba2 42. Rxd7 Rxd7 43. Rc2 Bb3 44. Rb2 c4 45. Nb4 b5 46. Nc6 Bd1 47. Kf2 c3 48. Rxb5 Bxe2 49. Kxe2 Rd2+ 50. Ke1 Rxh2 51. Rc5 c2 52. Nd4 c1Q+ 53. Rxc1 Rh1+ 54. Kd2 Rxc1 55. Kxc1 g5 56. fxg5+ Kxg5 57. Ne6+ Kg4 58. Kd2 h5 59. Ke2 Kg3 60. Ng7 Kg4 61. Kf2 f4 62. exf4 h4 63. f5 Kg5 64. Ne6+ Kxf5 65. Nd4+ Kg4 66. Nc2 h3 67. Ne3+ Kf4 68. Nf1 1/2-1/2

[Event "Champagne Ardenne op 5th"]
[Site "Champagne Ardenne"]
[Date "2009.05.03"]
[Round "7"]
[White "Fell, Fabian"]
[Black "Marchal, Roger"]
[Result "1/2-1/2"]
[WhiteElo "1538"]
[BlackElo "1620"]
[PlyCount "80"]
[EventDate "2009.05.01"]
[EventType "swiss"]
[EventRounds "7"]
[EventCountry "FRA"]
[SourceTitle "EXT 2010"]
[Source "ChessBase"]
[SourceDate "2010.11.25"]
[SourceVersion "1"]
[SourceVersionDate "2010.11.25"]
[SourceQuality "1"]

1. e4 c5 2. d4 cxd4 3. c3 dxc3 4. Nxc3 a6 5. Nf3 e6 6. Bc4 b5 7. Bb3 Bb7 8. 0-0 Qc7 9. Qe2 Nc6 10. Rd1 Na5 11. Be3 Nxb3 12. axb3 Nf6 13. Rac1 Qb8 14. Bb6 Be7 15. Qe3 0-0 16. Bd4 b4 17. Bxf6 Bxf6 18. Na4 Bc6 19. Rc2 Bd8 20. Nc5 Bb6 21. Qe2 Bb5 22. Qe1 Bxc5 23. Rxc5 a5 24. Nd4 Bc6 25. Nxc6 dxc6 26. Rxc6 Rc8 27. Rdc1 Qb7 28. Rxc8+ Rxc8 29. Rxc8+ Qxc8 30. h3 Qc2 31. Qa1 Qc5 32. Qd1 g6 33. Qd3 Qc1+ 34. Kh2 Qxb2 35. Qd8+ Kg7 36. Qxa5 Qxb3 37. Qe5+ f6 38. Qc7+ Kh6 39. Qf4+ Kg7 40. Qc7+ Kh6 1/2-1/2

[Event "Kaupthing op-B 1st"]
[Site "Differdange"]
[Date "2007.07.13"]
[Round "8"]
[White "Marchal, Roger"]
[Black "Buchholtz, Leon"]
[Result "1-0"]
[WhiteElo "1682"]
[BlackElo "1905"]
[PlyCount "117"]
[EventDate "2007.07.08"]
[EventType "swiss"]
[EventRounds "9"]
[EventCountry "LUX"]
[SourceTitle "EXT 2008"]
[Source "ChessBase"]
[SourceDate "2007.11.25"]
[SourceVersion "1"]
[SourceVersionDate "2007.11.25"]
[SourceQuality "1"]

1. c4 Nf6 2. g3 g6 3. Bg2 Bg7 4. d4 0-0 5. Nc3 d6 6. Nf3 Nbd7 7. 0-0 c5 8. e3 Rb8 9. b3 a6 10. Bb2 b5 11. dxc5 Nxc5 12. cxb5 axb5 13. Nd5 Nxd5 14. Bxg7 Nxe3 15. fxe3 Kxg7 16. Qd4+ Kg8 17. Qh4 f6 18. Qh6 Rf7 19. Nd4 Qf8 20. Qh4 Rg7 21. b4 Nd3 22. a3 Ne5 23. Bd5+ Kh8 24. Rfc1 e6 25. Bg2 d5 26. Bf1 Nc4 27. Bh3 g5 28. Qh5 f5 29. Qe2 Qd6 30. Rf1 g4 31. Bg2 Qe7 32. Nc6 Qd6 33. Nxb8 Qxb8 34. e4 Qe5 35. a4 Ra7 36. a5 Ba6 37. Qf2 d4 38. exf5 Ne3 39. Rfe1 Rf7 40. Qb2 Rxf5 41. Rad1 Nxd1 42. Rxd1 Qe3+ 43. Kh1 e5 44. Qc2 Rf7 45. Qe4 Qb3 46. Qxe5+ Kg8 47. Qxd4 Bb7 48. Qxg4+ Kf8 49. Rd8+ Ke7 50. Rd7+ Ke8 51. Rd1 h5 52. Qg8+ Ke7 53. Qg5+ Rf6 54. Re1+ Kf7 55. Qxh5+ Rg6 56. Bxb7 Qxb4 57. Bd5+ Kg7 58. Qe5+ Kh6 59. Qh8+ 1-0

[Event "La Fere op 5th"]
[Site "La Fere"]
[Date "2006.07.12"]
[Round "6"]
[White "Hutin, Evgueny"]
[Black "Marchal, Roger"]
[Result "1-0"]
[WhiteElo "1880"]
[BlackElo "1686"]
[PlyCount "91"]
[EventDate "2006.07.08"]
[EventType "swiss"]
[EventRounds "9"]
[EventCountry "FRA"]
[SourceTitle "CBM 113 Extra"]
[Source "ChessBase"]
[SourceDate "2006.09.14"]
[SourceVersion "1"]
[SourceVersionDate "2006.09.14"]
[SourceQuality "1"]

1. d4 Nf6 2. Bg5 e6 3. e4 Be7 4. Bd3 Nc6 5. c3 d5 6. e5 Nd7 7. Bxe7 Nxe7 8. Qg4 g6 9. Nf3 c5 10. Nbd2 Nc6 11. h4 cxd4 12. cxd4 Nb4 13. Bb1 Qe7 14. h5 Nf8 15. hxg6 fxg6 16. a3 Nc6 17. Bd3 Bd7 18. b4 b6 19. Bxg6+ Nxg6 20. Qxg6+ Qf7 21. Qxf7+ Kxf7 22. Ke2 Rag8 23. g3 Ne7 24. a4 Nc6 25. b5 Na5 26. Rac1 Rc8 27. Rxc8 Bxc8 28. Rc1 Kg6 29. Nh4+ Kg5 30. Ke3 a6 31. Rb1 Bd7 32. bxa6 Nc4+ 33. Nxc4 dxc4 34. Rxb6 Rc8 35. Kd2 c3+ 36. Kc1 Rc4 37. Rd6 Bc8 38. a7 Rxa4 39. Rc6 Bb7 40. Rxc3 Bd5 41. Rc7 Kh6 42. f4 Ra6 43. f5 exf5 44. Nxf5+ Kg5 45. Ne3 Be4 46. d5 1-0

[Event "Metz op 24th"]
[Site "Metz"]
[Date "2006.04.23"]
[Round "2"]
[White "Marchal, Roger"]
[Black "Migot, Tangi"]
[Result "0-1"]
[WhiteElo "1690"]
[BlackElo "1946"]
[PlyCount "60"]
[EventDate "2006.04.22"]
[EventType "swiss"]
[EventRounds "9"]
[EventCountry "FRA"]
[SourceTitle "EXT 2007"]
[Source "ChessBase"]
[SourceDate "2006.11.23"]
[SourceVersion "1"]
[SourceVersionDate "2006.11.23"]
[SourceQuality "1"]

1. c4 Nf6 2. g3 g6 3. Bg2 Bg7 4. d4 0-0 5. Nf3 c6 6. 0-0 d6 7. Nc3 Nbd7 8. e4 e5 9. Be3 Ng4 10. Bg5 f6 11. Bd2 f5 12. h3 Ngf6 13. exf5 gxf5 14. Qc2 Nh5 15. Bg5 Qc7 16. dxe5 dxe5 17. Rad1 Nc5 18. Bh4 e4 19. Ne1 Be6 20. Qe2 Qf7 21. b3 Bxc3 22. Be7 Qxe7 23. Qxh5 Qf7 24. Qg5+ Qg7 25. Qe3 b6 26. Nc2 Rad8 27. Qf4 Be5 28. Qe3 Rxd1 29. Rxd1 f4 30. Qe1 fxg3 0-1

[Event "La Fere op 4th"]
[Site "La Fere"]
[Date "2005.07.03"]
[Round "2"]
[White "Marchal, Roger"]
[Black "Vijayalakshmi, Subbaraman"]
[Result "0-1"]
[WhiteElo "1773"]
[BlackElo "2414"]
[PlyCount "34"]
[EventDate "2005.07.02"]
[EventType "swiss"]
[EventRounds "9"]
[EventCountry "FRA"]
[SourceTitle "CBM 107 Extra"]
[Source "ChessBase"]
[SourceDate "2005.09.01"]
[SourceVersion "1"]
[SourceVersionDate "2005.09.01"]
[SourceQuality "1"]

1. c4 Nf6 2. Nc3 c5 3. e3 g6 4. Nge2 Bg7 5. g3 0-0 6. Bg2 Nc6 7. 0-0 d6 8. d4 cxd4 9. Nxd4 Bd7 10. Qb3 Qc8 11. Qc2 Bh3 12. Nxc6 bxc6 13. b3 Bf5 14. Qd2 Ne4 15. Bxe4 Bxe4 16. Bb2 Bf3 17. Ne2 e5 0-1